Recommending the most suitable expansion joint for Pakistan (Record no. 551093)
[ view plain ]
| 000 -LEADER | |
|---|---|
| fixed length control field | 00408nam a22001577a 4500 |
| 082 ## - DEWEY DECIMAL CLASSIFICATION NUMBER | |
| Classification number | P-388 |
| 100 ## - MAIN ENTRY--PERSONAL NAME | |
| Personal name | Musaad Zaheer |
| 9 (RLIN) | 48053 |
| 245 ## - TITLE STATEMENT | |
| Title | Recommending the most suitable expansion joint for Pakistan |
| Statement of responsibility, etc. | Musaad Zaheer, Shamas Ali |
| 260 ## - PUBLICATION, DISTRIBUTION, ETC. | |
| Place of publication, distribution, etc. | MCE |
| Date of publication, distribution, etc. | 2008 |
| 300 ## - PHYSICAL DESCRIPTION | |
| Extent | 97 p. |
| 526 ## - STUDY PROGRAM INFORMATION NOTE | |
| Program name | 0 |
| Interest level | 0 |
| Reading level | 0 |
| Title point value | P_388 |
| 526 ## - STUDY PROGRAM INFORMATION NOTE | |
| Program name | 0 |
| Interest level | 0 |
| Reading level | 0 |
| Title point value | P_388 |
| 650 ## - SUBJECT ADDED ENTRY--TOPICAL TERM | |
| Topical term or geographic name entry element | Project |
| 700 ## - ADDED ENTRY--PERSONAL NAME | |
| Personal name | Faisal Mubarik |
| 942 ## - ADDED ENTRY ELEMENTS (KOHA) | |
| Source of classification or shelving scheme | |
| Koha item type | Book |
| Withdrawn status | Lost status | Source of classification or shelving scheme | Damaged status | Not for loan | Permanent Location | Current Location | Date acquired | Total Checkouts | Full call number | Barcode | Date last seen | Price effective from | Koha item type | Public note |
|---|---|---|---|---|---|---|---|---|---|---|---|---|---|---|
| Military College of Engineering (MCE) | Military College of Engineering (MCE) | 12/03/2014 | P-388 | MCE-P-388 | 12/03/2014 | 12/03/2014 | Book | Project. | ||||||
| Military College of Engineering (MCE) | Military College of Engineering (MCE) | 12/03/2014 | P-388 | MCE-P-389 | 12/03/2014 | 12/03/2014 | Book |
